Online katalóg knižníc regiónu Turca

Z polárných a južných krajov / (Record no. 22539)

MARC details
000 -LEADER
fixed length control field 00738nam a22002531 4500
001 - CONTROL NUMBER
control field 22539
003 - CONTROL NUMBER IDENTIFIER
control field CZ PrNK
005 - DATE AND TIME OF LATEST TRANSACTION
control field 20260331161253.0
007 - PHYSICAL DESCRIPTION FIXED FIELD--GENERAL INFORMATION
fixed length control field ta
008 - FIXED-LENGTH DATA ELEMENTS--GENERAL INFORMATION
fixed length control field 981020s1954 xo af 000 | slo
020 ## - INTERNATIONAL STANDARD BOOK NUMBER
Qualifying information (Váz.)
040 ## - CATALOGING SOURCE
Original cataloging agency ABA001
Language of cataloging cze
Transcribing agency ABA001
Modifying agency ABA001
041 1# - LANGUAGE CODE
Language code of text/sound track or separate title slo
Language code of original eng
100 1# - MAIN ENTRY--PERSONAL NAME
Personal name London, Jack,
Dates associated with a name 1876-1916
Relationship aut
245 10 - TITLE STATEMENT
Title Z polárných a južných krajov /
Statement of responsibility, etc. Jack London ; [z angl. preložil Š. Kýška]
250 ## - EDITION STATEMENT
Edition statement 1. vyd.
260 ## - PUBLICATION, DISTRIBUTION, ETC.
Place of publication, distribution, etc. Bratislava :
Name of publisher, distributor, etc. Smena,
Date of publication, distribution, etc. 1954
300 ## - PHYSICAL DESCRIPTION
Extent 313 s., obr. příl. :
Other physical details il. ;
Dimensions
490 1# - SERIES STATEMENT
Series statement Svet dobrodružstiev ;
Volume/sequential designation zv. 3
700 1# - ADDED ENTRY--PERSONAL NAME
Personal name Kýška, Štefan,
Dates associated with a name 1914-1984
Relationship trl
830 #0 - SERIES ADDED ENTRY--UNIFORM TITLE
Uniform title Svet dobrodružstiev (Smena)
910 ## - USER-OPTION DATA (OCLC)
User-option data ABA001
942 ## - ADDED ENTRY ELEMENTS (KOHA)
Source of classification or shelving scheme Dewey Decimal Classification
Koha item type Krásna literatúra pre dospelých
Suppress in OPAC No
Holdings
Stav vyradenia Strata Poškodenie Spôsob nadobudnutia Domovská knižnica Aktuálna knižnica Dátum nadobudnutia Total checkouts Čiarový kód exemplára Date last seen Typ exemplára
      Dar Obecná knižnica Horná Štubňa Obecná knižnica Horná Štubňa 31.03.2026   4736202106 31.03.2026 Krásna literatúra pre dospelých
Projekt je podporený Slovenskou asociáciou knižníc
Prevádzkuje Turčianska knižnica Martin 2026